000 00414pam a2200157a 44500
008 230515b2014 xxu||||| |||| 00| 0 eng d
020 _a9.78E+12
041 _aENGLISH
082 _a617.643
100 _aEPKER BRUCE N.
245 _aDENTOFACIAL DEFORMITIES INTEGRATED ORTHODONTIC AND SURGICAL CORRECTION
250 _a2ND
260 _aMISSOURI
_bELSEVIER
_c2014
300 _a1183
650 _aORTHODODONTICS
999 _c428952
_d428952